<?xml version="1.0" encoding="UTF-8"?><?xml-stylesheet type="text/xsl" href="static/style.xsl"?><OAI-PMH xmlns="http://www.openarchives.org/OAI/2.0/" xmlns:xsi="http://www.w3.org/2001/XMLSchema-instance" xsi:schemaLocation="http://www.openarchives.org/OAI/2.0/ http://www.openarchives.org/OAI/2.0/OAI-PMH.xsd"><responseDate>2026-04-14T06:39:05Z</responseDate><request verb="GetRecord" identifier="oai:www.recercat.cat:2445/216360" metadataPrefix="marc">https://recercat.cat/oai/request</request><GetRecord><record><header><identifier>oai:recercat.cat:2445/216360</identifier><datestamp>2025-12-04T22:33:57Z</datestamp><setSpec>com_2072_1057</setSpec><setSpec>col_2072_478917</setSpec><setSpec>col_2072_478931</setSpec></header><metadata><record xmlns="http://www.loc.gov/MARC21/slim" xmlns:dcterms="http://purl.org/dc/terms/" xmlns:xsi="http://www.w3.org/2001/XMLSchema-instance" xmlns:doc="http://www.lyncode.com/xoai" xsi:schemaLocation="http://www.loc.gov/MARC21/slim http://www.loc.gov/standards/marcxml/schema/MARC21slim.xsd">
   <leader>00925njm 22002777a 4500</leader>
   <datafield ind2=" " ind1=" " tag="042">
      <subfield code="a">dc</subfield>
   </datafield>
   <datafield ind2=" " ind1=" " tag="720">
      <subfield code="a">Obispo, Berta M.</subfield>
      <subfield code="e">author</subfield>
   </datafield>
   <datafield ind2=" " ind1=" " tag="720">
      <subfield code="a">Jiménez Fonseca, Paula</subfield>
      <subfield code="e">author</subfield>
   </datafield>
   <datafield ind2=" " ind1=" " tag="720">
      <subfield code="a">García-García, Teresa</subfield>
      <subfield code="e">author</subfield>
   </datafield>
   <datafield ind2=" " ind1=" " tag="720">
      <subfield code="a">Rogado Revuelta, Jacobo</subfield>
      <subfield code="e">author</subfield>
   </datafield>
   <datafield ind2=" " ind1=" " tag="720">
      <subfield code="a">Pacheco-Barcia, Vilma</subfield>
      <subfield code="e">author</subfield>
   </datafield>
   <datafield ind2=" " ind1=" " tag="720">
      <subfield code="a">Calderón Garrido, Caterina</subfield>
      <subfield code="e">author</subfield>
   </datafield>
   <datafield ind2=" " ind1=" " tag="260">
      <subfield code="c">2024-11-11T16:57:50Z</subfield>
   </datafield>
   <datafield ind2=" " ind1=" " tag="260">
      <subfield code="c">2024-11-11T16:57:50Z</subfield>
   </datafield>
   <datafield ind2=" " ind1=" " tag="260">
      <subfield code="c">2024-11-06</subfield>
   </datafield>
   <datafield ind2=" " ind1=" " tag="260">
      <subfield code="c">2024-11-11T16:57:50Z</subfield>
   </datafield>
   <datafield ind2=" " ind1=" " tag="520">
      <subfield code="a">Objetivo: en este análisis evaluaremos el malestar psicológico al diagnóstico del cáncer avanzado, la dignidad percibida y su relación con factores sociodemográficos, clínicos y psicológicos, así como las estrategias de afrontamiento como moduladoras entre la incertidumbre y el malestar psicológico. Método: este estudio se fundamentó en el proyecto NEOetic, un registro prospectivo y multicéntrico promovido por la sección de Bioética de la Sociedad Española de Oncología Médica (SEOM). Se utilizaron diversas escalas: BSI-18, PPDS, MUIS, DUFSSQ y MINI-MAC. Además, se analizaron factores sociodemográficos y clínicos y su relación con el resto de variables. Resultado: los pacientes tratados durante la pandemia de Covid-19 mostraban altos niveles de ansiedad y depresión, especialmente vinculados a ser joven al diagnóstico, tener una expectativa de vida superior a 18 meses: al sexo femenino, tener preocupación por el cáncer y experimentar desesperanza. Aquellos con bajos niveles de dignidad percibida mostraron mayor ansiedad y depresión, y una actitud menos positiva. El malestar psicológico afectó al 72% de los pacientes, siendo la actitud positiva y la evitación cognitiva las estrategias de afrontamiento más empleadas. Conclusiones: estos hallazgos subrayan la importancia de abordar la salud mental de los pacientes oncológicos  especialmente en situaciones de crisis como la pandemia. Es esencial promover estrategias de afrontamiento eficaces y proporcionar un apoyo emocional adecuado. Se recomienda a los oncólogos realizar evaluaciones periódicas del estado psicológico de sus pacientes, adaptando intervenciones personalizadas que respondan a los factores identificados para reforzar la resiliencia emocional y mejorar la calidad de vida de los pacientes.</subfield>
   </datafield>
   <datafield tag="653" ind2=" " ind1=" ">
      <subfield code="a">Incertesa</subfield>
   </datafield>
   <datafield tag="653" ind2=" " ind1=" ">
      <subfield code="a">Salut mental</subfield>
   </datafield>
   <datafield tag="653" ind2=" " ind1=" ">
      <subfield code="a">Oncologia</subfield>
   </datafield>
   <datafield tag="653" ind2=" " ind1=" ">
      <subfield code="a">Malalts de càncer</subfield>
   </datafield>
   <datafield tag="653" ind2=" " ind1=" ">
      <subfield code="a">Uncertainty</subfield>
   </datafield>
   <datafield tag="653" ind2=" " ind1=" ">
      <subfield code="a">Mental health</subfield>
   </datafield>
   <datafield tag="653" ind2=" " ind1=" ">
      <subfield code="a">Oncology</subfield>
   </datafield>
   <datafield tag="653" ind2=" " ind1=" ">
      <subfield code="a">Cancer patients</subfield>
   </datafield>
   <datafield ind2="0" ind1="0" tag="245">
      <subfield code="a">Influencia de la dignidad percibida y estrategias de afrontamiento en la incertidumbre y malestar emocional de pacientes con cáncer avanzado</subfield>
   </datafield>
   <datafield ind2="0" ind1="0" tag="245">
      <subfield code="a">Influence of perceived dignity and coping strategies on uncertainty and emotional distress in advanced cancer patients</subfield>
   </datafield>
</record></metadata></record></GetRecord></OAI-PMH>